01168pam a2200289 a 4500999001900000001000800019003000500027005001700032008004100049010001700090020001500107040001900122050002100141082001200162100004200174245011800216260009000334300003200424504006600456650002600522650003400548700004300582856008300625906004500708942001200753952011300765 c232505d2325053504341Nust20170220112513.0950224s1995 enka b 001 0 eng  a 95006736  a0470235152 aDLCcRCMSdDLC00aQA911b.V47 199500a532 VER1 aVersteeg, H. K.q(Henk Kaarle),d195513aAn introduction to computational fluid dynamics :bthe finite volume method /cH.K. Versteeg and W. Malalasekera. aHarlow, Essex, England :aLongman Scientific & Technical ;bNew York :bWiley,c1995. ax, 257 p. :bill. ;c25 cm. aIncludes bibliographical references (p. [247]-254) and index. 0aFinite volume method. 0aComputational fluid dynamics.1 aMalalasekera, W.q(Weeratunge),d1960- 3Table of contents onlyuhttp://www.loc.gov/catdir/toc/ecip0716/2007017469.html a7bcbccorignewd1eocipf19gy-gencatlg 2ddccBK 00102ddc4070aRCMSbRCMScGENd2017-02-20l2o532 VERpRCMS002957r2020-09-28s2019-05-29w2017-02-20yBK